00938pam a2200241 i 450000500170000000800390001702000270005604000240008304100080010704400070011508200170012210000200013924500820015926000420024130000620028350400530034565000260039865000410042470000430046594200150050899900150052395201580053820160105104553.0971120s1998 xxca rb 001 0 eng a0878931007 (hardcover) aDLCcDLCdCO-BoIAVH aeng acn04a591.59bB79p1 aBradbury, J. W.10aPrinciples of animal communication /cJack W. Bradbury, Sandra L. Vehrencamp. aCanada : bSinauer Associates,c1998. axiii, 882 página :bilustraciones y graficas ; c25 cm. aIncluye referencias bibliográficas e índice.11aComunicación animal24aProducción del sonido por animales1 aVehrencamp, Sandra Lee,d1948-eautora 2ddccLIBRO c4857d4857 00102ddc40708GENERALIINV2017aBogotabBogotad2005-11-22g39000.00l0oLB-591.59 B79pp018510r2012-12-04 00:00:00tEj. 1w2012-12-04xComprayLIBRO